All train stations in Cornwall - Statistics

General Stats
  • This quiz has been taken 75 times
  • The average score is 19 of 36
Answer Stats
Group Answer % Correct
St Ives Bay line St Ives
98%
Cornish main line Penzance
94%
Cornish main line Truro
94%
Looe Valley line Looe
87%
Cornish main line St Austell
85%
Cornish main line Redruth
83%
Atlantic Coast line Newquay
81%
Cornish main line Liskeard
76%
Cornish main line St Erth
76%
Cornish main line Hayle
72%
Cornish main line Par
72%
Maritime line Falmouth Docks
70%
Cornish main line Bodmin Parkway
69%
Maritime line Falmouth Town
69%
Cornish main line Saltash
67%
Cornish main line Cambourne
59%
St Ives Bay line Carbis Bay
59%
Maritime line Penryn
59%
Cornish main line Lostwithiel
52%
Cornish main line St Germans
46%
St Ives Bay line Lelant
41%
Tamar Valley line Gunnislake
35%
St Ives Bay line Lelant Saltings
35%
Atlantic Coast line Roche
33%
Atlantic Coast line Bugle
30%
Looe Valley line Coombe Junction Halt
30%
Maritime line Perranwell
30%
Cornish main line Menheniot
28%
Maritime line Penmere
26%
Atlantic Coast line Quintrell Downs
26%
Atlantic Coast line Luxulyan
22%
Atlantic Coast line St Columb Road
22%
Looe Valley line St Keyne Wishing Well Halt
20%
Looe Valley line Causeland
19%
Looe Valley line Sandplace
19%
Tamar Valley line Calstock
17%
No matching quizzes found
Score Distribution
Percent of People with Each Score
Percentile by Number Answered
Your Score History
You have not taken this quiz